Statistiques concernant Les Simpson - Vrai ou Faux (Flanders)

Cliquez ici pour prendre le quiz!

Statistiques générales

  • Ce quiz a été pris 57 fois
  • Le résultat moyen est 11 sur 20

Statistiques - réponses

QuestionRéponse% Correct
Les derniers mots de Ned à sa femme ont été "mais sans oignon"Vrai
91%
Ned porte un pull vert foncéVrai
85%
Quand les enfants Simpson vont en famille d'accueil chez les Flanders, Todd fait un câlin à Bart en guise de bienvenueVrai
73%
Lorsque la famille déménage après que deux étudiantes russes ont tourné des vidéos érotiques chez eux, c'est un coach sportif qui rachète la maison et qui habite à côté des SimpsonVrai
71%
En saison 1, Ned ne portait pas encore de lunettesFaux
69%
Todd ne sait pas encore lireFaux
64%
Le parc d'attraction chrétien en hommage à Maude s'appelle FerveurlandVrai
58%
Pendant la réunion à la mairie pour parler de comment dépenser l'argent que la ville venait de gagner et qui sera finalement utilisé pour construire un Monorail, Maude fut la première habitante à proposer une idéeVrai
58%
Dans l'épisode où Bart se casse une jambe et observe Ned à travers un télescope depuis sa chambre, Maude était absente car elle était partie une semaine pour faire une retraite spirituelle à la campagneVrai
55%
Leur fils aîné s'appelle ToddFaux
53%
Maude n'est apparue qu'à partir de la saison 2Vrai
51%
Dans le Horror Show où Marge écrase Ned, celui-ci se réincarne en vampireFaux
49%
Quand Homer et Bart sonnent chez les Flanders en pensant avoir la lèpre, c'est Maude qui leur ouvre la porteFaux
47%
Dans l'épisode où les Simpson et les Flanders voyagent ensemble au Grand Canyon, Rod et Todd mangent des bouchons d'oreille en pensant que c'étaient des médicamentsVrai
45%
Les Flanders sont catholiquesFaux
44%
Au concours du meilleur chili, Ned promet trois "coups de sirène" sur sa préparationFaux
44%
Rod est diabétiqueVrai
40%
Flanders est originaire de New-YorkVrai
40%
Quand Lisa leur annonce qu'ils ne sont pas baptisés, Maude tombe dans les pommesFaux
29%
Dans le commerce qui les oppose à Marge avec ses bretzels, Maude est accompagnée par Agnès, Helen, Luann et ManjulaFaux
24%

Distribution des résultats

Percentile par nombre de réponses

% des personnes avec chaque résultat

Votre développement - résultats

Vous n’avez pas pris ce quiz